صحة الأطفال الدليل الكامل : (رقم التسجيلة. 48468)

تفاصيل مارك
000 -LEADER
fixed length control field 00819nam a22002057a 4500
005 - DATE AND TIME OF LATEST TRANSACTION
control field 20251108170750.0
008 - FIXED-LENGTH DATA ELEMENTS--GENERAL INFORMATION
fixed length control field 250721s2001 xx 000 0 ara d
082 14 - DEWEY DECIMAL CLASSIFICATION NUMBER
Classification number 649.4/يما
100 1# - MAIN ENTRY--PERSONAL NAME
Personal name اليمان، ديفيد
245 10 - TITLE STATEMENT
Title صحة الأطفال الدليل الكامل :
Remainder of title هذا الدليل يرشد الأهل حول كيفية الحفاظ على صحة طفلهم و الخطوات التي يجب إتخاذها في حالات المرض و الطورئ /
264 1# - PRODUCTION, PUBLICATION, DISTRIBUTION, MANUFACTURE, AND COPYRIGHT NOTICE
Place of production, publication, distribution, manufacture بيروت :
Name of producer, publisher, distributor, manufacturer الدار العربية للعلوم،
Date of production, publication, distribution, manufacture, or copyright notice 2001.
300 ## - PHYSICAL DESCRIPTION
Extent 215ص.
650 17 - SUBJECT ADDED ENTRY--TOPICAL TERM
Topical term or geographic name as entry element تنشية الأطفال
650 17 - SUBJECT ADDED ENTRY--TOPICAL TERM
Topical term or geographic name as entry element صحة الأطفال
650 17 - SUBJECT ADDED ENTRY--TOPICAL TERM
Topical term or geographic name as entry element تغذية الطفل
650 17 - SUBJECT ADDED ENTRY--TOPICAL TERM
Topical term or geographic name as entry element طب الأطفال
700 1# - ADDED ENTRY--PERSONAL NAME
Personal name بدفورد، هلين
Relator term مؤلف
942 ## - ADDED ENTRY ELEMENTS (KOHA)
Source of classification or shelving scheme Dewey Decimal Classification
Koha item type كتب
المقتنيات
حالة السحب حالة الفقدان مصدر التصنيف حالة التلف غير قابل للإعارة المكتبة الرئيسية المكتبة الحالية موقع الرف تاريخ التزويد الرقم المتسلسل Total Checkouts رقم الإستدعاء الباركود تاريخ آخر ظهور تاريخ الفاتورة نوع المادة (كوها)
    Dewey Decimal Classification     المكتبة المركزية المكتبة المركزية الإعارة 04/05/2016 1625281   649.4/يما PLD00389234 28/07/2025 04/05/2016 كتب
Implemented & Customized by: BBB with SCIT (Smart Chains for Information Technology)

Powered by Koha